Promoción y radicación de inversiones para el desarrollo de la producción y el empleo (Registro nro. 1604)

Detalles MARC
000 -LEADER
fixed length control field 01496 a2200217 4500
001 - CONTROL NUMBER
control field 27542
005 - DATE AND TIME OF LATEST TRANSACTION
control field 20260407155550.0
008 - FIXED-LENGTH DATA ELEMENTS--GENERAL INFORMATION
fixed length control field 260407a2010 arg spa d
003 - CONTROL NUMBER IDENTIFIER
control field AR-UNSa-BCEJYS
040 ## - CATALOGING SOURCE
Original cataloging agency AR-UNSa-BCEJYS
Language of cataloging spa
Transcribing agency AR-UNSa-BCEJYS
080 ## - UNIVERSAL DECIMAL CLASSIFICATION NUMBER
Universal Decimal Classification number 330.354
Common auxiliary subdivision Factores que determinan el crecimiento económico
020 ## - INTERNATIONAL STANDARD BOOK NUMBER
International Standard Book Number 978-987-1635-18-4
100 1# - MAIN ENTRY--PERSONAL NAME
Personal name Martínez, Daniel
245 10 - TITLE STATEMENT
Title Promoción y radicación de inversiones para el desarrollo de la producción y el empleo
Name of part/section of a work políticas públicas para la Provincia de Buenos Aires
264 #1 - PRODUCTION, PUBLICATION, DISTRIBUTION, MANUFACTURE, AND COPYRIGHT NOTICE
Place of production, publication, distribution, manufacture Buenos Aires :
Name of producer, publisher, distributor, manufacturer Universidad Nacional de La Matanza
Date of production, publication, distribution, manufacture, or copyright notice 2010
300 ## - PHYSICAL DESCRIPTION
Extent 345 p.
Dimensions 21 cm.
505 ## - FORMATTED CONTENTS NOTE
Formatted contents note 1. Panorama global de la inversión extranjera directa (IED) - 2. Aspectos fiscales de la promoción y radicación de inversiones en la Provincia de Buenos Aires: una investigación cuantitativa - 3. Análisis teórico y relevamiento de mecanismos provinciales para la promoción de exportaciones - 4. La promoción de exportaciones como fomento para la radicación de inversiones; análisis comparado internacional, y propuestas para la Provincia de Buenos Aires - 5. Pymes en la Provincia de Buenos Aires: financiamiento de las inversiones, instrumentos, debilidades y fortalezas
590 ## - LOCAL NOTE (RLIN)
Local note niveau_biblio:m niveau_hierar:0
856 41 - ELECTRONIC LOCATION AND ACCESS
Uniform Resource Identifier <a href="https://biblioeco.unsa.edu.ar/pmb/images/libros/Promoci?n radicaci?n de inversiones para el desarrollo de la producci?n y el empleo-l118603.jpg">https://biblioeco.unsa.edu.ar/pmb/images/libros/Promoci?n radicaci?n de inversiones para el desarrollo de la producci?n y el empleo-l118603.jpg</a>
Link text Imagen de portada
Electronic format type image/jpeg
942 ## - ADDED ENTRY ELEMENTS (KOHA)
Koha item type
Existencias
Withdrawn status Lost status Damaged status Not for loan Home library Current library Shelving location Date acquired Total checkouts Full call number Barcode Date last seen Price effective from Koha item type
        Biblioteca Prof. Eusebio Cleto del Rey Biblioteca Prof. Eusebio Cleto del Rey   07/04/2026   330.354 M378 L118603 07/04/2026 07/04/2026 Libro